US Mint Marks Quiz Stats

 Plays Quiz Updated Feb 28, 2020

Support Sporcle.
Go Orange.
Score 0/8 Timer 03:00
0 Plays Today
Mint Mark US Mint % Correct
PPhiladelphia, Pennsylvania
96.5%
DDenver, Colorado
89.9%
SSan Francisco, California
61.9%
CCCarson City, Nevada
31.8%
CCharlotte, North Carolina
23.8%
ONew Orleans, Louisiana
20.5%
WWest Point, New York
13.7%
DDahlonega, Georgia
7.2%

From the Vault

Germany vs. Argentina: World Cup 2014 Final

by RobPro

Sports 5m
After 62 matches and 167 goals, the 2014 World Cup is finally coming to an end. We can't wait for 2018.
Remove Ads.
Support Sporcle.
Get the best of Sporcle when you Go Orange. This ad-free experience offers more features, more stats, and more fun while also helping to support Sporcle. Thank you for becoming a member.

Show Comments

Extras

Top Quizzes Today


Score Distribution

Your Account Isn't Verified!

In order to create a playlist on Sporcle, you need to verify the email address you used during registration. Go to your Sporcle Settings to finish the process.

Report this User

Report this user for behavior that violates our Community Guidelines.

Details: